| 000 | 00394pam a2200157a 44500 | ||
|---|---|---|---|
| 008 | 230405s2013 xxu||||| |||| 00| 0 eng d | ||
| 041 | _aENG | ||
| 100 | _aSHEKSPEAR W | ||
| 245 | _aAS YOU LIKE IT | ||
| 260 |
_aNEW DELHI _bVISHVA BOOK _c2013 |
||
| 300 | _a100p. | ||
| 440 | _aSOURCE=PRASAD VTARAN GRANTH DALAN SANGLI | ||
| 650 | _aENGLISH DRAMA | ||
| 690 | _aENGLISH DRAMA | ||
| 906 | _a9977 | ||
| 999 |
_c790193 _d790193 |
||